00271nam a2200109Ia 4500003000400000008004100004100001900045245003700064260003400101300000800135650001800143OSt191201s2012 xx 000 0 und d aTANEJA, Shweta 0aKrishna Defender of Dharma  bKALYANI MEDIA PVT. LTD.c2012 a151 aGeneral Books